| 000 | 01748nam a2200265Ia 4500 | ||
|---|---|---|---|
| 003 | Ost | ||
| 005 | 20260507075652.0 | ||
| 008 | 260507s9999||||xx |||||||||||||| ||und|| | ||
| 040 | _cfsecg | ||
| 041 | _aara | ||
| 082 | _a657.45 | ||
| 100 |
_aعلي، عبد الوهاب نصر _eمؤلف |
||
| 245 | 0 |
_aمراجعة الحسابات في بيئة الخصخصة وأسواق المال والتجارة الإلكترونية / _c عبد الوهاب نصر علي |
|
| 260 |
_aالإسكندرية: _bالدار الجامعية للنشر والتوزيع, _c2004 |
||
| 300 |
_a517 صفحة؛ _bإيضاحات ؛ _c24 سم |
||
| 504 | _aالمراجع ص.517 | ||
| 520 | _aالمراجعة وتكنولوجيا المعلومات باستخدام الحاسب الآلي- المراجعة المستمرة في ظل التجارة الإلكترونية- التأكيد المهني على الثقة في المواقع الشركات على الانترنت- مراقب الحسابات والتاكيد على الثقة في نظم المعلومات الفورية- مراجعة حسابات في تقييم الشركات لاغراض الخصخصة- مراجعة القوائم المالية التقديرية لخدمة منفذي القرارات- بعض الخدمات الحديثة غير التقليدية لمراجع الحسابات في بيئة الخصخصة. | ||
| 653 | _aالتجارة الإلكترونية | ||
| 653 | _aالخصخصة | ||
| 653 | _aالقطاع الخاص | ||
| 653 | _aالمحاسبة- معالجة البيانات | ||
| 653 | _aمراجعة الحسابات- معالجة البيانات | ||
| 700 |
_aشحاتة، شحاتة السيد _eمؤلف ثانوي |
||
| 942 | _cكتاب | ||
| 999 |
_c45614 _d45614 |
||